[Event "Wch U12"]
[Site "Maribor"]
[Date "2012.11.08"]
[Round "1.52"]
[White "Rathnayake, KG."]
[Black "Walter, Szymon"]
[Result "0-1"]
[WhiteElo "1465"]
[BlackElo "1916"]
[PlyCount "43"]
[EventDate "2012.11.08"]
[EventType "swiss"]
[EventRounds "11"]
[EventCountry "SLO"]
[SourceTitle "EXT 2013"]
[Source "ChessBase"]
[SourceDate "2012.11.22"]
[SourceVersion "1"]
[SourceVersionDate "2012.11.22"]
[SourceQuality "1"]

1. e4 c5 2. Nc3 g6 3. f4 Bg7 4. Nf3 Nc6 5. Bb5 Nd4 6. 0-0 a6 7. Bc4 b5 8. Bxf7+ Kxf7 9. Ng5+ Ke8 10. f5 e6 11. d3 h6 12. Nh3 b4 13. Na4 exf5 14. exf5 g5 15. Qh5+ Kf8 16. f6 Nxf6 17. c3 Ne6 18. Be3 Kg8 19. Qf3 Rb8 20. Nxc5 Nxc5 21. Bxc5 bxc3 22. bxc3 0-1